LEADER 01125nam a22003011i 4500 001 991000671649707536 005 20021125171532.0 008 021023s1962 it |||||||||||||||||ita 035 $ab12038349-39ule_inst 035 $aARCHE-012814$9ExL 040 $aDip.to Filologia Ling. e Lett.$bita$cA.t.i. Arché s.c.r.l. Pandora Sicilia s.r.l. 082 04$a808.3 100 1 $aHowe, Irving$0127610 245 10$aPolitica e romanzo /$cIrving Howe 260 $aMilano :$bLerici,$c[1962] 300 $a267 p. ;$c22 cm 490 0 $aSaggi [Lerici] 500 $aTrad. Giulio De Angelis. 650 4$aRomanzo$ySec. 19.-20. 700 1 $aDe Angelis, Giulio 765 0 $tPolitics and the novel 907 $a.b12038349$b28-04-17$c01-04-03 912 $a991000671649707536 945 $aLE008 LLI.S III D 25$g2$i2008000268008$lle008$o-$pE0.00$q-$rl$s- $t0$u1$v1$w1$x0$y.i12330255$z01-04-03 945 $aLE008 FL.M. II B 51$g1$iLE008IFM-750$lle008$o-$pE0.00$q-$rl$s- $t0$u0$v0$w0$x0$y.i12330267$z01-04-03 996 $aPolitica e romanzo$9141805 997 $aUNISALENTO 998 $ale008$b01-04-03$cm$da $e-$fita$git $h0$i2